00339nam a2200133Ia 4500008004100000020001400041041001200055082001600067100001700083245005700100260002500157300000900182650001400191221030s9999 xx 000 0 und d a007463781 aEnglish a105.23bNel aS. L. Nelson 0aOffice 2000: The Complete Referencecby S. L. Nelson bTMHaNew Delhic2000 a1040 aComputers